Brooklyn 99 - Statistics

General Stats
  • This quiz has been taken 128 times
  • The average score is 17 of 40
Answer Stats
Picture Answer % Correct
Jake Peralta
100%
Raymond Holt
95%
Charles Boyle
93%
Rosa Diaz
88%
Norm Scully
79%
Cheddar
77%
Gina Linetti
76%
Michael Hitchcock
75%
Doug Judy
74%
Nikolaj Boyle
74%
Terry Jeffords
72%
Adrian Pimento
65%
The Vulture
57%
Trudy Judy
57%
Sam Boyle
54%
Lavern Holt
53%
Lynn Boyle
53%
Karen Peralta
47%
Karen Peralta
47%
Sharon Jeffords
42%
Madeline Wuntch
41%
Roger Peralta
40%
Zeke Jeffords
34%
Darlene Linetti
30%
Teddy Wells
24%
Marcus
23%
Kevin Cozner
19%
Caleb
15%
Melanie Hawkins
13%
Mlepclaynos
13%
Jimmy Figgis
12%
Jason Stentley
11%
John Kelly
11%
Sophia Perez
9%
Jocelyn Price
7%
Bill Hummertrout
5%
Amy Satiago
2%
Debbe Fogle
1%
Genevieve Mirrer-Carter
1%
Vivian Ludley
1%
No matching quizzes found
Score Distribution
Percent of People with Each Score
Percentile by Number Answered
Your Score History
You have not taken this quiz